[Event "Solta op 8th"]
[Site "Grohote"]
[Date "2025.07.02"]
[Round "5"]
[White "Bukal, Vladimir Jr"]
[Black "Begus, Drasko"]
[Result "1-0"]
[WhiteElo "2338"]
[BlackElo "2260"]
[PlyCount "83"]
[EventDate "2025.06.29"]
[EventType "swiss"]
[EventRounds "9"]
[EventCountry "CRO"]
[SourceTitle "CB28_2025"]
[SourceDate "2025.07.09"]
[SourceVersion "1"]
[SourceVersionDate "2025.07.09"]
[SourceQuality "1"]

1. d4 Nf6 2. c4 d6 3. Nf3 g6 4. Nc3 Bg7 5. g3 0-0 6. Bg2 c6 7. 0-0 Qb6 8. Re1 Bg4 9. h3 Bxf3 10. exf3 Re8 11. f4 Nbd7 12. d5 cxd5 13. cxd5 Rac8 14. Re2 Nc5 15. Be3 Qb4 16. Bd4 a6 17. h4 b5 18. Bh3 Rc7 19. f5 Na4 20. fxg6 hxg6 21. Nxa4 bxa4 22. Qd3 Qc4 23. Qxc4 Rxc4 24. Rd1 Kf8 25. Re3 Ng4 26. Bxg7+ Kxg7 27. Bxg4 Rxg4 28. f4 Rc8 29. Rd2 Kh6 30. Kg2 f5 31. Rc3 Rb8 32. Rc4 a3 33. b3 Rb5 34. Kf3 Kg7 35. Rc7 Kf8 36. Rd3 Rb4 37. Re3 Rd4 38. Rcxe7 Rxd5 39. Ra7 Rc5 40. Rxa6 d5 41. Rxa3 d4 42. Rd3 1-0

[Event "Solta op 8th"]
[Site "Grohote"]
[Date "2025.07.01"]
[Round "3"]
[White "Bukal, Vladimir Jr"]
[Black "Polok, Kacper"]
[Result "1/2-1/2"]
[WhiteElo "2338"]
[BlackElo "2168"]
[PlyCount "80"]
[EventDate "2025.06.29"]
[EventType "swiss"]
[EventRounds "9"]
[EventCountry "CRO"]
[SourceTitle "CB28_2025"]
[SourceDate "2025.07.09"]
[SourceVersion "1"]
[SourceVersionDate "2025.07.09"]
[SourceQuality "1"]

1. d4 Nf6 2. c4 g6 3. g3 Bg7 4. Bg2 0-0 5. Nc3 d6 6. Nf3 Nc6 7. 0-0 e5 8. d5 Nb8 9. e4 a5 10. Rb1 Na6 11. b3 Nd7 12. a3 f5 13. Ng5 Nf6 14. b4 axb4 15. axb4 f4 16. Ne6 Bxe6 17. dxe6 Qe7 18. Nd5 Nxd5 19. exd5 Rac8 20. Qa4 g5 21. Be4 h5 22. Qb5 c6 23. dxc6 Nc7 24. cxb7 Nxb5 25. bxc8Q Rxc8 26. cxb5 Qxe6 27. Rd1 Qd7 28. b6 Rb8 29. Rd5 Rxb6 30. b5 Qg4 31. f3 Qc8 32. gxf4 gxf4 33. Bd2 Bf6 34. Be1 Rb7 35. Bf2 Qc4 36. b6 Qe2 37. Rdd1 Rg7+ 38. Kh1 Qxf2 39. Rg1 Rxg1+ 40. Rxg1+ Qxg1+ 1/2-1/2

[Event "CRO Cup"]
[Site "Mali Losinj"]
[Date "2025.05.16"]
[Round "4.1"]
[White "Safar, Sandro"]
[Black "Bukal, Vladimir Jr"]
[Result "1/2-1/2"]
[WhiteElo "2340"]
[BlackElo "2335"]
[PlyCount "84"]
[EventDate "2025.05.14"]
[EventType "team-tourn"]
[EventRounds "6"]
[EventCountry "CRO"]
[SourceTitle "CB21_2025"]
[SourceDate "2025.05.21"]
[SourceVersion "1"]
[SourceVersionDate "2025.05.21"]
[SourceQuality "1"]
[WhiteTeam "Dugo Selo"]
[BlackTeam "Split Brda"]
[WhiteTeamCountry "CRO"]
[BlackTeamCountry "CRO"]

1. d4 Nf6 2. Nc3 d5 3. Bf4 e6 4. Nb5 Bb4+ 5. c3 Ba5 6. e3 a6 7. Na3 Nbd7 8. Nf3 0-0 9. Be2 Ne4 10. h3 c5 11. 0-0 c4 12. Nd2 Nxd2 13. Qxd2 b5 14. Nc2 Bb7 15. b4 Bb6 16. a4 Qe7 17. Bh2 f6 18. Bf3 f5 19. Be2 Nf6 20. axb5 axb5 21. Rxa8 Rxa8 22. Ra1 Qe8 23. Qe1 h5 24. Be5 Rxa1 25. Qxa1 h4 26. f3 Nh5 27. Qe1 Qd8 28. Na3 Bc6 29. Nb1 Qg5 30. Qd2 Ng3 31. Bd1 Qh6 32. Qf2 Bd8 33. Bf4 Bg5 34. Bxg5 Qxg5 35. f4 Qd8 36. Qa2 g5 37. fxg5 Qxg5 38. Qf2 Ne4 39. Qf4 Qxf4 40. exf4 Kg7 41. Bf3 Ng3 42. Nd2 Be8 1/2-1/2

[Event "Seville op 50th"]
[Site "Seville"]
[Date "2025.01.14"]
[Round "5"]
[White "Bukal, Vladimir Jr"]
[Black "Aamodt, Peder Marcus"]
[Result "1/2-1/2"]
[WhiteElo "2356"]
[BlackElo "2082"]
[PlyCount "46"]
[EventDate "2025.01.10"]
[EventType "swiss"]
[EventRounds "9"]
[EventCountry "ESP"]
[SourceTitle "CB04_2025"]
[SourceDate "2025.01.22"]
[SourceVersion "1"]
[SourceVersionDate "2025.01.22"]
[SourceQuality "1"]

1. d4 d5 2. c4 e6 3. Nf3 c6 4. g3 dxc4 5. Bg2 b5 6. Ne5 Bb7 7. a4 a6 8. 0-0 Nf6 9. Nc3 Nd5 10. Ne4 Be7 11. h4 Nd7 12. b3 cxb3 13. Qxb3 0-0 14. Rd1 Nxe5 15. dxe5 Qc7 16. Nd6 Bxd6 17. exd6 Qxd6 18. Ba3 b4 19. e4 bxa3 20. exd5 cxd5 21. Qxb7 Rfb8 22. Bxd5 exd5 23. Qxd5 Qxd5 1/2-1/2

[Event "CRO-chT1B 32nd"]
[Site "Veli Losinj"]
[Date "2024.10.13"]
[Round "9.3"]
[White "Janzelj, Tim"]
[Black "Bukal, Vladimir Jr"]
[Result "1-0"]
[WhiteElo "2386"]
[BlackElo "2350"]
[PlyCount "97"]
[EventDate "2024.10.05"]
[EventType "team-tourn"]
[EventRounds "9"]
[EventCountry "CRO"]
[SourceTitle "CB47_2024"]
[SourceDate "2024.11.20"]
[SourceVersion "1"]
[SourceVersionDate "2024.11.20"]
[SourceQuality "1"]
[WhiteTeam "Novo Virje Konaki"]
[BlackTeam "Split Brda"]
[WhiteTeamCountry "CRO"]
[BlackTeamCountry "CRO"]

1. e4 c5 2. c3 e6 3. d4 d5 4. exd5 exd5 5. Nf3 Nf6 6. Bb5+ Bd7 7. Qe2+ Be7 8. dxc5 0-0 9. 0-0 Bxc5 10. Bxd7 Nbxd7 11. Nbd2 Re8 12. Qd3 Qc7 13. Nb3 Bb6 14. Bg5 Re4 15. Nbd4 h6 16. Be3 Nc5 17. Qd2 Rae8 18. Rfe1 Ng4 19. Nc2 Na4 20. Bxb6 Nxb6 21. h3 Nc4 22. Qxd5 Nf6 23. Qb5 a6 24. Qb3 Na5 25. Qa3 Nc4 26. Qb3 Na5 27. Qa3 Nc4 28. Qb4 Nd2 29. Nfd4 Qf4 30. Qxb7 Rb8 31. Qxa6 Rxb2 32. Qd3 g6 33. a4 Rxe1+ 34. Rxe1 Nde4 35. Rf1 Ra2 36. Qc4 Rb2 37. Ne2 Qg5 38. Ncd4 Kg7 39. Qc7 Nc5 40. h4 Qd5 41. Nf4 Qe4 42. Nxg6 Nd3 43. Ne7 Nf4 44. Nef5+ Kg6 45. Ne3 Ng4 46. h5+ Kg5 47. Nf3+ Kxh5 48. Qxf7+ Ng6 49. Nf5 1-0

[Event "EU-ch Rapid"]
[Site "Zagreb"]
[Date "2023.12.14"]
[Round "4"]
[White "Bukal, Vladimir Jr"]
[Black "Gavrilescu, David"]
[Result "0-1"]
[WhiteElo "2337"]
[BlackElo "2523"]
[PlyCount "72"]
[EventDate "2023.12.14"]
[EventType "swiss (rapid)"]
[EventRounds "11"]
[EventCountry "CRO"]
[SourceTitle "CBM 217 Extra"]
[Source "ChessBase"]
[SourceDate "2024.01.31"]
[SourceVersion "1"]
[SourceVersionDate "2024.01.31"]
[SourceQuality "1"]

1. d4 d5 2. c4 e6 3. Nf3 Nf6 4. g3 Bb4+ 5. Nbd2 dxc4 6. Bg2 b5 7. Ne5 Nd5 8. 0-0 Bb7 9. a3 Be7 10. Qc2 a5 11. h4 a4 12. Ne4 Nd7 13. Ng5 Nxe5 14. dxe5 h6 15. Ne4 Qc8 16. Kh2 Bc6 17. Be3 Qb7 18. Bc5 Bxc5 19. Nxc5 Qb6 20. Nxe6 fxe6 21. Qg6+ Kf8 22. Qxe6 Ne7 23. e4 Bb7 24. Qd7 Kf7 25. Rad1 Rad8 26. Qg4 Rxd1 27. Rxd1 Bc8 28. Qf4+ Ke8 29. Qd2 Rf8 30. f4 g6 31. Bf3 Nc6 32. h5 g5 33. Bg2 Ke7 34. Qc3 gxf4 35. gxf4 Qf2 36. f5 Qf4+ 0-1

[Event "CRO-ch"]
[Site "Zagreb"]
[Date "2023.12.13"]
[Round "11"]
[White "Bukal, Vladimir Jr"]
[Black "Kovacevic, Blazimir"]
[Result "1/2-1/2"]
[WhiteElo "2337"]
[BlackElo "2400"]
[PlyCount "37"]
[EventDate "2023.12.05"]
[EventType "tourn"]
[EventRounds "11"]
[EventCountry "CRO"]
[EventCategory "9"]
[SourceTitle "CBM 217 Extra"]
[Source "ChessBase"]
[SourceDate "2024.01.31"]
[SourceVersion "1"]
[SourceVersionDate "2024.01.31"]
[SourceQuality "1"]

1. d4 d5 2. c4 e6 3. Nc3 c6 4. Nf3 Nf6 5. Bg5 Be7 6. e3 Nbd7 7. Rc1 0-0 8. a3 dxc4 9. Bxc4 Nd5 10. Bxe7 Qxe7 11. 0-0 b6 12. Qc2 Bb7 13. Rfe1 Rfc8 14. Qd2 c5 15. Ba2 Nxc3 16. Rxc3 Bxf3 17. gxf3 cxd4 18. Qxd4 Rxc3 19. Qxc3 1/2-1/2

[Event "CRO-chT1B 31st"]
[Site "Veli Losinj"]
[Date "2023.10.18"]
[Round "8.55"]
[White "Bukal, Vladimir Jr"]
[Black "Cubric, Andrija"]
[Result "1-0"]
[WhiteElo "2349"]
[BlackElo "1962"]
[PlyCount "79"]
[EventDate "2023.10.11"]
[EventType "team-tourn"]
[EventRounds "9"]
[EventCountry "CRO"]
[SourceTitle "CBM 216 Extra"]
[Source "ChessBase"]
[SourceDate "2023.11.30"]
[SourceVersion "1"]
[SourceVersionDate "2023.11.30"]
[SourceQuality "1"]
[WhiteTeam "Zagreb Mladost"]
[BlackTeam "Rijeka Rijeka"]
[WhiteTeamCountry "CRO"]
[BlackTeamCountry "CRO"]

1. d4 d5 2. Nf3 e6 3. Bf4 Nf6 4. e3 Bd6 5. Ne5 0-0 6. Nd2 c5 7. c3 Qc7 8. Bd3 b6 9. h4 Nbd7 10. Ndf3 Ne4 11. h5 f6 12. Nxd7 Bxd7 13. Bxd6 Qxd6 14. h6 g6 15. a4 cxd4 16. exd4 Bc6 17. Qc1 Rae8 18. 0-0 Qd7 19. a5 b5 20. Ne1 Nd6 21. Nc2 e5 22. dxe5 fxe5 23. Nb4 Ba8 24. Qe3 Qc7 25. Rad1 e4 26. Be2 Nf5 27. Qd2 d4 28. cxd4 e3 29. Qc3 Qf4 30. d5 exf2+ 31. Rxf2 Qg5 32. Bxb5 Re3 33. Rd3 Rxd3 34. Bxd3 Qxh6 35. Bxf5 gxf5 36. Nc6 Qg5 37. Re2 f4 38. Ne7+ Kf7 39. Re5 Qg4 40. Rf5+ 1-0

[Event "Lignano Bella Italia op 2nd"]
[Site "Lignano Sabbiadoro"]
[Date "2023.08.21"]
[Round "7"]
[White "Bukal, Vladimir Jr"]
[Black "Andreev, Konstantin1"]
[Result "0-1"]
[WhiteElo "2361"]
[BlackElo "2151"]
[PlyCount "139"]
[EventDate "2023.08.17"]
[EventType "swiss"]
[EventRounds "9"]
[EventCountry "ITA"]
[SourceTitle "CBM 216 Extra"]
[Source "ChessBase"]
[SourceDate "2023.11.30"]
[SourceVersion "1"]
[SourceVersionDate "2023.11.30"]
[SourceQuality "1"]

1. d4 Nf6 2. Nf3 d5 3. c4 e6 4. g3 Bb4+ 5. Nc3 0-0 6. Bg2 dxc4 7. 0-0 Nc6 8. a3 Bd6 9. Qa4 e5 10. d5 Ne7 11. Rd1 Ng6 12. Qxc4 a6 13. Bg5 h6 14. Bxf6 Qxf6 15. Ne4 Qe7 16. Rac1 Bd7 17. Nxd6 cxd6 18. e4 f5 19. exf5 Bxf5 20. Nd2 Qf7 21. Qc7 Qf6 22. Qb6 Rae8 23. Re1 Re7 24. Rc3 Ref7 25. Nc4 Rd7 26. Rf3 Qd8 27. Qxd8 Rdxd8 28. Nb6 Ne7 29. Rc1 Nc8 30. Nc4 Ne7 31. Rb3 b5 32. Ne3 Rc8 33. Rbc3 Bd7 34. Rc7 Rfd8 35. Be4 Kf8 36. h4 Ke8 37. R1c2 a5 38. Kg2 a4 39. g4 g5 40. Kg3 Rxc7 41. Rxc7 Rb8 42. Nc2 Rc8 43. Rxc8+ Nxc8 44. h5 Ne7 45. f3 Kd8 46. Kf2 Kc7 47. Ne3 Kb6 48. Bf5 Kc7 49. Ke2 Bc8 50. Bxc8 Kxc8 51. Kd3 Kd7 52. Ke4 Ke8 53. Nd1 Nc8 54. Kf5 Kf7 55. Nc3 Na7 56. Ke4 Ke8 57. Kd3 Kd7 58. Nd1 Nc8 59. Ne3 Ne7 60. Ke4 Ke8 61. Nd1 Nc8 62. Kd3 Kd7 63. Nc3 Na7 64. Ke3 Ke7 65. Ne4 Nc8 66. Ng3 Nb6 67. Nf5+ Kf6 68. Nxd6 Nxd5+ 69. Kd3 b4 70. Kc4 0-1

[Event "BL2-West 2223"]
[Site "Germany"]
[Date "2023.02.26"]
[Round "8.8"]
[White "Huesmann, Thomas"]
[Black "Bukal, Vladimir Jr"]
[Result "0-1"]
[WhiteElo "2149"]
[BlackElo "2411"]
[PlyCount "102"]
[EventDate "2022.10.22"]
[EventType "team-tourn"]
[EventRounds "10"]
[EventCountry "GER"]
[SourceTitle "EXT 2024"]
[Source "ChessBase"]
[SourceDate "2023.10.10"]
[SourceVersion "1"]
[SourceVersionDate "2023.10.10"]
[SourceQuality "1"]
[WhiteTeam "Aachen SV"]
[BlackTeam "Heimbach Weis/Neuwied"]
[WhiteTeamCountry "GER"]
[BlackTeamCountry "GER"]

1. e4 c5 2. Nc3 g6 3. f4 Bg7 4. Nf3 Nc6 5. Bb5 Nd4 6. 0-0 a6 7. Bd3 d6 8. Nxd4 cxd4 9. Ne2 Nf6 10. c3 0-0 11. h3 e5 12. cxd4 exd4 13. b3 Re8 14. Ng3 h5 15. Qf3 Bd7 16. Nh1 Bc6 17. Nf2 Qb6 18. g4 hxg4 19. hxg4 Nxe4 20. Nxe4 Bxe4 21. Qg3 d5 22. Bb2 Bxd3 23. Qxd3 Re4 24. Rf2 Rae8 25. Raf1 Qe6 26. Qf3 f5 27. Rg2 fxg4 28. Qxg4 Qxg4 29. Rxg4 Kf7 30. Rg5 Bf6 31. Rxd5 Ke6 32. Rc5 Re2 33. Rf2 d3 34. Bxf6 Kxf6 35. Rd5 Rxf2 36. Kxf2 Re2+ 37. Kf3 Rxd2 38. Ke3 Rxa2 39. Rxd3 Ke6 40. Ke4 Re2+ 41. Kf3 Rb2 42. Kg4 a5 43. Re3+ Kd6 44. Kg5 Rg2+ 45. Kf6 Kc5 46. Re4 b5 47. Kf7 Rg3 48. Kf6 Rxb3 49. Kxg6 Rg3+ 50. Kh5 a4 51. f5 a3 0-1

[Event "CRO-ch"]
[Site "Split"]
[Date "2022.12.07"]
[Round "9"]
[White "Brkic, Ante"]
[Black "Bukal, Vladimir Jr"]
[Result "1-0"]
[WhiteElo "2610"]
[BlackElo "2411"]
[PlyCount "79"]
[EventDate "2022.11.29"]
[EventType "tourn"]
[EventRounds "11"]
[EventCountry "CRO"]
[EventCategory "12"]
[SourceTitle "CBM 211 Extra"]
[Source "ChessBase"]
[SourceDate "2023.01.31"]
[SourceVersion "1"]
[SourceVersionDate "2023.01.31"]
[SourceQuality "1"]

1. e4 c5 2. Nf3 d6 3. d4 cxd4 4. Nxd4 Nf6 5. Nc3 a6 6. h3 Nc6 7. g4 Nxd4 8. Qxd4 e5 9. Qd3 Be7 10. g5 Nd7 11. Qg3 Nc5 12. Be3 Qa5 13. Bxc5 Qxc5 14. 0-0-0 Be6 15. Nd5 Rc8 16. c3 b5 17. Kb1 Qa7 18. h4 Rc5 19. f4 Qb8 20. h5 Bd8 21. Rh2 a5 22. Rhd2 exf4 23. Qxf4 h6 24. gxh6 Rxh6 25. Qg3 Kf8 26. Rg2 Rh7 27. Bd3 Ke8 28. Qf3 Qb7 29. Rdg1 Bf6 30. Nxf6+ gxf6 31. Qxf6 Qe7 32. Rg8+ Kd7 33. Qd4 Rhxh5 34. Ra8 Kc6 35. Rxa5 Bc4 36. Bxc4 bxc4 37. Ra6+ Kb5 38. Rxd6 Rhe5 39. b4 cxb3 40. Qb4# 1-0

[Event "CRO-ch"]
[Site "Split"]
[Date "2022.12.03"]
[Round "5"]
[White "Saric, Ante"]
[Black "Bukal, Vladimir Jr"]
[Result "1-0"]
[WhiteElo "2504"]
[BlackElo "2411"]
[PlyCount "79"]
[EventDate "2022.11.29"]
[EventType "tourn"]
[EventRounds "11"]
[EventCountry "CRO"]
[EventCategory "12"]
[SourceTitle "CBM 211 Extra"]
[Source "ChessBase"]
[SourceDate "2023.01.31"]
[SourceVersion "1"]
[SourceVersionDate "2023.01.31"]
[SourceQuality "1"]

1. Nf3 e6 2. c4 a6 3. d4 Nf6 4. Bf4 d5 5. e3 c5 6. Nc3 dxc4 7. dxc5 Qxd1+ 8. Rxd1 Bxc5 9. Bxc4 b5 10. Be2 Bb7 11. Ne5 Nbd7 12. Nd3 Be7 13. Bf3 Bxf3 14. gxf3 Rc8 15. Ke2 Nc5 16. Rhg1 Rg8 17. Be5 Ncd7 18. Bd4 g5 19. Rc1 g4 20. f4 Rg6 21. Ne5 Rh6 22. Nxd7 Kxd7 23. Rcd1 Ke8 24. Bxf6 Bxf6 25. Rxg4 Ke7 26. Rg2 Rh5 27. Rd3 Rhc5 28. Nd1 Rc1 29. e4 R1c2+ 30. Rd2 Rxd2+ 31. Kxd2 Bd4 32. Rg3 Bb6 33. a3 Rc4 34. f3 Bc7 35. Rg4 h5 36. Rh4 f5 37. Ne3 Ra4 38. Kd3 Bb6 39. Nc2 e5 40. b3 1-0

[Event "CRO-ch"]
[Site "Split"]
[Date "2022.11.30"]
[Round "2"]
[White "Bukal, Vladimir Jr"]
[Black "Bosiocic, Marin"]
[Result "0-1"]
[WhiteElo "2411"]
[BlackElo "2536"]
[PlyCount "64"]
[EventDate "2022.11.29"]
[EventType "tourn"]
[EventRounds "11"]
[EventCountry "CRO"]
[EventCategory "12"]
[SourceTitle "CBM 211 Extra"]
[Source "ChessBase"]
[SourceDate "2023.01.31"]
[SourceVersion "1"]
[SourceVersionDate "2023.01.31"]
[SourceQuality "1"]

1. d4 d6 2. g3 g6 3. Bg2 Bg7 4. e4 Nf6 5. Nc3 0-0 6. Nge2 e5 7. h3 Nc6 8. Be3 exd4 9. Nxd4 Bd7 10. 0-0 Re8 11. Nde2 b5 12. Nxb5 Rb8 13. Nbc3 Rxb2 14. Rb1 Rxb1 15. Qxb1 Ne5 16. Qb3 Be6 17. Qa4 Qc8 18. Nf4 Bd7 19. Qxa7 g5 20. Nfd5 Nxd5 21. Nxd5 Bxh3 22. Bxg5 Qg4 23. Qe3 Ng6 24. Rb1 Bxg2 25. Kxg2 h6 26. Nf6+ Bxf6 27. Bxf6 Qe6 28. Qf3 Qxa2 29. Re1 Qxc2 30. Ba1 Re6 31. Qe3 h5 32. Qh6 Nh4+ 0-1

[Event "BL2-West 2223"]
[Site "Germany"]
[Date "2022.10.23"]
[Round "2.8"]
[White "Asadzade, Idris"]
[Black "Bukal, Vladimir Jr"]
[Result "0-1"]
[WhiteElo "2205"]
[BlackElo "2411"]
[PlyCount "84"]
[EventDate "2022.10.22"]
[EventType "team-tourn"]
[EventRounds "10"]
[EventCountry "GER"]
[SourceTitle "EXT 2024"]
[Source "ChessBase"]
[SourceDate "2023.10.10"]
[SourceVersion "1"]
[SourceVersionDate "2023.10.10"]
[SourceQuality "1"]
[WhiteTeam "Solingen II"]
[BlackTeam "Heimbach Weis/Neuwied"]
[WhiteTeamCountry "GER"]
[BlackTeamCountry "GER"]

1. c4 e6 2. Nf3 a6 3. g3 d5 4. Bg2 dxc4 5. 0-0 Nf6 6. a4 Nc6 7. Na3 Bxa3 8. Rxa3 e5 9. b3 cxb3 10. Rxb3 0-0 11. Bb2 Re8 12. Qc2 Nd5 13. Ng5 Qxg5 14. Bxd5 Bh3 15. Rxb7 Bxf1 16. Qxc6 Bxe2 17. Qxc7 Kh8 18. Qxf7 Bh5 19. Qc7 Rac8 20. Qd7 Rcd8 21. Qc6 Qxd2 22. Be4 Qe1+ 23. Kg2 Be2 24. g4 Rf8 25. Bf5 Bxg4 26. Bc3 Qe2 27. Rb2 Qf3+ 28. Qxf3 Bxf3+ 29. Kxf3 Rd3+ 30. Ke4 Rxc3 31. Be6 Ra3 32. Bd7 Raf3 33. h3 Rxf2 34. Rb6 R2f6 35. Rb7 Rd8 36. Kxe5 Rf7 37. Ke6 Kg8 38. a5 Kf8 39. Kd6 h5 40. Ke6 Re7+ 41. Kd6 g5 42. Kc6 Rexd7 0-1

[Event "CRO-chT1B 30th"]
[Site "Porec"]
[Date "2022.09.24"]
[Round "1.23"]
[White "Bukal, Vladimir Jr"]
[Black "Majeric, Zoran"]
[Result "1-0"]
[WhiteElo "2411"]
[BlackElo "2247"]
[PlyCount "107"]
[EventDate "2022.09.24"]
[EventType "team-tourn"]
[EventRounds "9"]
[EventCountry "CRO"]
[SourceTitle "CBM 210 Extra"]
[Source "ChessBase"]
[SourceDate "2022.11.30"]
[SourceVersion "1"]
[SourceVersionDate "2022.11.30"]
[SourceQuality "1"]
[WhiteTeam "Zagreb Mladost"]
[BlackTeam "Pozega"]
[WhiteTeamCountry "CRO"]
[BlackTeamCountry "CRO"]

1. d4 Nf6 2. Nf3 e6 3. Bf4 c5 4. e3 b6 5. Nc3 cxd4 6. Nb5 d6 7. Qxd4 Nd5 8. Nxd6+ Bxd6 9. Qxg7 Bb4+ 10. c3 Bxc3+ 11. bxc3 Qf6 12. Qxf6 Nxf6 13. Be5 Nbd7 14. Bb5 Ke7 15. Bg3 Bb7 16. Rd1 a6 17. Bd6+ Ke8 18. Bxd7+ Nxd7 19. Rd4 Rc8 20. c4 Rg8 21. Ke2 b5 22. Rb1 f6 23. Rh4 Rxc4 24. Rxc4 Bxf3+ 25. gxf3 bxc4 26. h4 e5 27. Rb4 Kf7 28. Rxc4 Ra8 29. h5 Ra7 30. f4 Ke6 31. Bb4 exf4 32. Rxf4 f5 33. Rd4 Nf6 34. Rd6+ Kf7 35. Bc5 Rc7 36. Bd4 Ne4 37. Rxa6 Rc2+ 38. Kd3 Rxf2 39. a4 Rd2+ 40. Kc4 Ke7 41. Ra7+ Ke6 42. Rxh7 Nd6+ 43. Kc5 Ne4+ 44. Kc6 f4 45. Rh6+ Kf5 46. Rh8 Rc2+ 47. Kb6 fxe3 48. Bxe3 Rb2+ 49. Kc6 Ra2 50. Kb5 Nc3+ 51. Kb4 Nd1 52. Kb3 Re2 53. Bd4 Re4 54. Rd8 1-0